[Event "FIDE World Cup Women 2021"]
[Site "Krasnaya Polyana RUS"]
[Date "2021.07.19"]
[Round "3.2"]
[White "Badelka, Olga"]
[Black "Goryachkina, Aleksandra"]
[Result "1/2-1/2"]
[WhiteTitle "IM"]
[BlackTitle "GM"]
[WhiteElo "2418"]
[BlackElo "2596"]
[WhiteFideId "13509926"]
[BlackFideId "4147103"]
[EventDate "2021.07.12"]

1. Nf3 d5 2. g3 c6 3. c4 g6 4. d4 Nf6 5. Bg2 Bg7 6. O-O O-O 7. b3 Bf5 8. Bb2
Nbd7 9. Nc3 dxc4 10. bxc4 Nb6 11. c5 Nc4 12. Qb3 Na5 13. Qa4 b5 14. cxb6 axb6
15. Ne5 Ng4 16. Nxg4 Bxg4 17. Rfd1 Qd7 18. Rac1 Rfd8 19. Qb4 Qd6 20. Qxd6 exd6
21. h3 Be6 22. e4 d5 23. exd5 cxd5 24. g4 h6 25. Rb1 Nc6 26. Nb5 Rxa2 27. Bc1
Ra4 28. Be3 Rb4 29. Nc7 Rxb1 30. Rxb1 Nxd4 31. Rxb6 Rd7 32. Ne8 Be5 33. f4 Bh8
34. Nd6 Rd8 35. Ra6 Bg7 36. Kf1 Nc2 37. Bc5 Bd4 38. Bxd4 Nxd4 39. Kf2 Kf8 40.
Ke3 Nc2+ 41. Kd2 Nd4 42. Kd3 Nb3 43. Rb6 Nc5+ 44. Kd4 Nd7 45. Ra6 Nb8 46. Rb6
Nd7 47. Ra6 Nb8 1/2-1/2

[Event "FIDE World Cup Women 2021"]
[Site "Krasnaya Polyana RUS"]
[Date "2021.07.19"]
[Round "3.2"]
[White "Lagno, Kateryna"]
[Black "Munguntuul, Batkhuyag"]
[Result "1/2-1/2"]
[WhiteTitle "GM"]
[BlackTitle "IM"]
[WhiteElo "2559"]
[BlackElo "2428"]
[WhiteFideId "14109336"]
[BlackFideId "4900758"]
[EventDate "2021.07.12"]

1. e4 c5 2. Nf3 Nc6 3. d4 cxd4 4. Nxd4 Nf6 5. Nc3 d6 6. Bg5 e6 7. Qd2 a6 8.
O-O-O Bd7 9. f3 Nxd4 10. Qxd4 Be7 11. Kb1 b5 12. h4 Qc7 13. Qd2 b4 14. Ne2 a5
15. g4 h5 16. gxh5 Nxh5 17. Nf4 Rb8 18. Rg1 g6 19. Qd4 Rh7 20. Nxh5 Rxh5 21.
Bxe7 Kxe7 22. Rxg6 Re5 23. f4 Rc8 24. Bd3 Qc5 25. Qxc5 Rexc5 26. Rg5 Rh8 27. Rh1
e5 28. fxe5 Rxe5 29. Rxe5+ dxe5 30. Kc1 Bc6 31. Rh2 Rg8 32. h5 Rg1+ 33. Kd2 Kf8
34. h6 Kg8 35. h7+ Kh8 36. Rh5 f6 37. Rh6 Rg2+ 38. Ke3 Rg3+ 39. Kf2 Rg4 40. Rxf6
Bxe4 41. Rf7 Bxd3 42. cxd3 Rh4 43. Ke3 Rh2 44. Rf2 Rxh7 45. Ke4 Rh5 46. b3 Kg7
47. Rc2 Kf7 48. Rc7+ Ke6 49. Rc6+ Kd7 50. Ra6 Rh4+ 51. Kd5 Rd4+ 52. Kxe5 Rxd3
53. Rxa5 Kc6 54. Ke4 Rd2 55. Ke3 Rh2 56. Kd3 Rh3+ 57. Kc4 Rh4+ 58. Kd3 Rh3+ 1/2-1/2

[Event "FIDE World Cup Women 2021"]
[Site "Krasnaya Polyana RUS"]
[Date "2021.07.19"]
[Round "3.2"]
[White "Ushenina, Anna"]
[Black "Muzychuk, Mariya"]
[Result "1/2-1/2"]
[WhiteTitle "GM"]
[BlackTitle "GM"]
[WhiteElo "2429"]
[BlackElo "2550"]
[WhiteFideId "14110911"]
[BlackFideId "14114550"]
[EventDate "2021.07.12"]

1. d4 Nf6 2. c4 e6 3. Nf3 d5 4. Nc3 c6 5. e3 Nbd7 6. Qc2 Bd6 7. Bd3 O-O 8. O-O
dxc4 9. Bxc4 b5 10. Be2 Bb7 11. e4 e5 12. dxe5 Nxe5 13. Nh4 g6 14. f4 Neg4 15.
g3 Bc5+ 16. Kh1 Ne3 17. Bxe3 Bxe3 18. Bf3 Qe7 19. Rfe1 Bb6 20. e5 Nd5 21. Nxd5
cxd5 22. Rad1 d4 23. Qg2 Bxf3 24. Nxf3 Qe6 25. Nxd4 Bxd4 26. Rxd4 Qxa2 27. Qd2
Qb3 28. Re3 Qe6 29. Rd6 Qc4 30. Kg2 Rac8 31. h4 Qc2 32. Re2 Qb1 33. Qd3 Qxd3 34.
Rxd3 Rfd8 35. Rxd8+ Rxd8 36. b4 Rd4 37. Ra2 Rxb4 38. Rxa7 h5 39. Rb7 Rb2+ 40.
Kf3 Rb3+ 41. Kf2 b4 42. Rb8+ Kg7 43. Kg2 Rb1 44. Kh2 Rb2+ 45. Kg1 b3 46. Kf1
Rb1+ 47. Kg2 Rb2+ 48. Kf3 Rb1 49. Kg2 Rb2+ 50. Kf3 1/2-1/2

[Event "FIDE World Cup Women 2021"]
[Site "Krasnaya Polyana RUS"]
[Date "2021.07.19"]
[Round "3.2"]
[White "Muzychuk, Anna"]
[Black "Guichard, Pauline"]
[Result "1/2-1/2"]
[WhiteTitle "GM"]
[BlackTitle "IM"]
[WhiteElo "2527"]
[BlackElo "2413"]
[WhiteFideId "14111330"]
[BlackFideId "639370"]
[EventDate "2021.07.12"]

1. e4 e5 2. Nf3 Nc6 3. Nc3 g6 4. d4 exd4 5. Nxd4 Bg7 6. Nxc6 bxc6 7. Bc4 d6 8.
O-O Be6 9. Bb3 Ne7 10. Bg5 Qd7 11. Qf3 f6 12. Bd2 O-O 13. Rfe1 Kh8 14. Bxe6 Qxe6
15. Rad1 Qf7 16. b3 Rae8 17. Qd3 f5 18. exf5 d5 19. Be3 Nxf5 20. Bxa7 Qf6 21.
Na4 d4 22. Bc5 Nd6 23. Rf1 Rf7 24. Bxd4 Qxd4 25. Qxd4 Bxd4 26. Rxd4 Re2 27. Nb2
c5 28. Rdd1 Rxc2 29. Nd3 Rxa2 30. Nxc5 Rc2 31. Ne6 Rf6 32. Nd4 Rb2 33. Rb1 Rfxf2
34. Rxb2 Rxb2 35. Rc1 Ne4 36. Re1 Nd2 37. Re7 Nxb3 38. Ne6 h6 39. Rxc7 Nd2 40.
h4 Ne4 41. Rg7 g5 42. Rg6 Kh7 43. h5 Ng3 44. Nf8+ Kh8 45. Ne6 Kh7 46. Nf8+ Kh8
47. Ne6 Kh7 48. Nf8+ 1/2-1/2

[Event "FIDE World Cup Women 2021"]
[Site "Krasnaya Polyana RUS"]
[Date "2021.07.19"]
[Round "3.2"]
[White "Yip, Carissa"]
[Black "Dzagnidze, Nana"]
[Result "0-1"]
[WhiteTitle "IM"]
[BlackTitle "GM"]
[WhiteElo "2430"]
[BlackElo "2523"]
[WhiteFideId "2090732"]
[BlackFideId "13601903"]
[EventDate "2021.07.12"]

1. e4 c5 2. Nf3 d6 3. d4 cxd4 4. Nxd4 Nf6 5. Nc3 h6 6. Bc4 e6 7. f4 Qc7 8. Bb3
a6 9. f5 e5 10. Nf3 Nbd7 11. g4 Qc6 12. Qe2 Nc5 13. g5 hxg5 14. Bxg5 Ncxe4 15.
Ba4 b5 16. Nxb5 Bd7 17. Nxd6+ Qxd6 18. Bxd7+ Qxd7 19. Bxf6 Nxf6 20. Nxe5 Bb4+
21. c3 Qe7 22. cxb4 Qxb4+ 23. Kf1 O-O 24. Re1 Rfe8 25. Rg1 Rab8 26. Rg3 Rb5 27.
Re3 Qf4+ 28. Qf3 Qd4 29. Nd3 Rd8 30. h3 Rdd5 31. a4 Qxa4 32. Ne5 Rxb2 33. Ng4
Qb5+ 34. Kg1 Rxf5 35. Qa8+ Kh7 36. Nxf6+ Rxf6 37. Qe4+ Rg6+ 38. Rg3 Qc5+ 39. Re3
Qc1+ 40. Re1 Qd2 41. Qh4+ Rh6 42. Qe4+ g6 43. Rg2 Qxg2+ 0-1

[Event "FIDE World Cup Women 2021"]
[Site "Krasnaya Polyana RUS"]
[Date "2021.07.19"]
[Round "3.2"]
[White "Sebag, Marie"]
[Black "Tan, Zhongyi"]
[Result "0-1"]
[WhiteTitle "GM"]
[BlackTitle "GM"]
[WhiteElo "2438"]
[BlackElo "2511"]
[WhiteFideId "617822"]
[BlackFideId "8603642"]
[EventDate "2021.07.12"]

1. e4 e5 2. Nf3 Nf6 3. Nc3 Nc6 4. Bb5 Bb4 5. O-O O-O 6. d3 Bxc3 7. bxc3 d6 8.
Bg5 Ne7 9. Nh4 Ne8 10. Bc4 Be6 11. Bb3 a5 12. f4 exf4 13. Rxf4 Bxb3 14. Bxe7
Qxe7 15. cxb3 g6 16. Qd2 Ng7 17. Raf1 d5 18. exd5 Qc5+ 19. d4 Qxd5 20. c4 Qd6
21. Nf3 Rae8 22. c5 Qd5 23. Qxa5 Re2 24. Qb5 Rxa2 25. Qc4 Rd8 26. Re1 Ne6 27.
Rh4 Qxc4 28. bxc4 Rc2 29. d5 Nxc5 30. Ng5 h6 31. Rxh6 Rxc4 32. h4 Rf8 33. Re7
Ne4 34. Ne6 Nf6 35. Rh8+ Kxh8 36. Nxf8 Kg8 37. Nd7 Nxd5 38. Re5 c6 39. h5 gxh5
40. Rg5+ Kh7 41. Rxh5+ Kg6 42. Rh8 f6 43. Rb8 b5 44. Rb7 Rc2 45. Nb8 b4 46. Na6
c5 47. Rb5 Nc3 48. Rb6 Ne4 49. Rb5 f5 50. Kh2 Kg5 51. Kh3 Rc1 52. Kh2 Kg4 53.
Nxc5 Rxc5 54. Rxb4 Rc2 55. Ra4 Re2 56. Ra8 Nf6 57. Rf8 Kg5 58. Kg3 Re3+ 59. Kf2
Ng4+ 60. Kf1 Kf4 61. Rh8 Ra3 62. Rh4 Ra1+ 63. Ke2 Kg3 64. Rh5 Ra5 0-1

[Event "FIDE World Cup Women 2021"]
[Site "Krasnaya Polyana RUS"]
[Date "2021.07.19"]
[Round "3.2"]
[White "Saduakassova, Dinara"]
[Black "Danielian, Elina"]
[Result "1-0"]
[WhiteTitle "IM"]
[BlackTitle "GM"]
[WhiteElo "2483"]
[BlackElo "2407"]
[WhiteFideId "13700090"]
[BlackFideId "13300210"]
[EventDate "2021.07.12"]

1. Nf3 Nf6 2. g3 d5 3. Bg2 c6 4. O-O Bf5 5. d3 Nbd7 6. Nbd2 e5 7. e4 dxe4 8.
dxe4 Bg6 9. Qe1 Bc5 10. Nc4 Qe7 11. Nh4 O-O 12. Bd2 Qe6 13. b3 b5 14. Nb2 Bd4
15. c3 Bb6 16. Kh1 Rfe8 17. Qe2 Rad8 18. Rad1 Nc5 19. f3 Qe7 20. Be3 Ne6 21. Nd3
Nd7 22. Nb4 Nb8 23. Bh3 Nc5 24. Rxd8 Rxd8 25. Rd1 Rd6 26. Kg2 Qd8 27. Rxd6 Qxd6
28. Bf5 a5 29. Nd3 Nba6 30. Bc8 Nxd3 31. Bxb6 Nac5 32. Qe3 a4 33. Bxc5 Nxc5 34.
b4 Nd3 35. Bb7 f6 36. Bxc6 Nb2 37. Bd5+ Bf7 38. Nf5 Qc7 39. Qc5 Qd7 40. Nd6 Bxd5
41. Qxd5+ Kf8 42. Nxb5 Qxd5 43. exd5 Ke7 44. Kf2 h5 45. Ke2 f5 46. Na3 Kd6 47.
c4 e4 48. fxe4 fxe4 49. Nb5+ Ke5 50. d6 Ke6 51. c5 Nc4 52. c6 a3 53. Kf2 g5 54.
h3 g4 55. h4 Nb6 56. Ke3 1-0

[Event "FIDE World Cup Women 2021"]
[Site "Krasnaya Polyana RUS"]
[Date "2021.07.19"]
[Round "3.2"]
[White "Kosteniuk, Alexandra"]
[Black "Cramling, Pia"]
[Result "1/2-1/2"]
[WhiteTitle "GM"]
[BlackTitle "GM"]
[WhiteElo "2472"]
[BlackElo "2459"]
[WhiteFideId "4128125"]
[BlackFideId "1700030"]
[EventDate "2021.07.12"]

1. e4 c5 2. Nf3 d6 3. Bb5+ Nd7 4. Ba4 Nf6 5. O-O g6 6. Re1 Bg7 7. c3 O-O 8. d4
Nb6 9. Bc2 cxd4 10. cxd4 Bg4 11. Nbd2 d5 12. e5 Ne8 13. h3 Bxf3 14. Nxf3 Nc7 15.
a4 Nc4 16. h4 Ne6 17. Ng5 Nxg5 18. hxg5 f6 19. b3 Na5 20. gxf6 exf6 21. Ba3 Re8
22. Bd6 Nc6 23. Qf3 fxe5 24. Qxd5+ Kh8 25. dxe5 Nxe5 26. Rad1 Nc6 27. Re4 Rc8
28. Qf7 Rxe4 29. Bxe4 Nd4 30. Qxb7 Rc3 31. Qb8 Rc8 32. Qb7 Rc3 33. Qb8 Rc8 1/2-1/2